Statistiken für CONCACAF-Mitgliedsverbände

Klicken Sie hier um das Quiz zu spielen!

Allgemein

  • Dieses Quiz wurde 55 mal gespielt
  • Das Durchschnittsergebnis liegt bei 30 aus 41

Antwortstatistiken

Name des MitgliedsverbandZone% Korrekt
KanadaNordamerika
100%
MexikoNordamerika
100%
Vereinigte StaatenNordamerika
100%
Costa RicaZentralamerika
98%
HondurasZentralamerika
98%
NicaraguaZentralamerika
98%
PanamaZentralamerika
98%
Antigua und BarbudaKaribik
95%
BelizeZentralamerika
95%
El SalvadorZentralamerika
95%
St. LuciaKaribik
95%
St. Vincent und die GrenadinenKaribik
95%
BahamasKaribik
93%
BarbadosKaribik
93%
DominicaKaribik
93%
Dominikanische RepublikKaribik
93%
GuatemalaZentralamerika
93%
HaitiKaribik
93%
JamaikaKaribik
93%
KubaKaribik
93%
St. Kitts und NevisKaribik
91%
Trinidad und TobagoKaribik
89%
GrenadaKaribik
82%
GuyanaKaribik (vollständig auf dem südamerikanischen Kontinent)
80%
SurinameKaribik (vollständig auf dem südamerikanischen Kontinent)
80%
Puerto RicoKaribik
68%
ArubaKaribik
66%
CuracaoKaribik
61%
BermudaKaribik
59%
Britische JungferninselnKaribik
57%
Amerikanische JungferninselnKaribik
55%
GuadeloupeKaribik (kein FIFA-Mitglied)
48%
MartiniqueKaribik (kein FIFA-Mitglied)
39%
BonaireKaribik (kein FIFA-Mitglied)
34%
MontserratKaribik
34%
Sint MaartenKaribik (kein FIFA-Mitglied)
32%
AnguillaKaribik
30%
Saint-MartinKaribik (kein FIFA-Mitglied)
23%
Cayman IslandsKaribik
18%
Französisch GuayanaKaribik (vollständig auf dem südamerikanischen Kontinent)(kein FIFA-Mitglied)
18%
Turks- und CaicosinselnKaribik
18%

Verteilung der Resultate

Perzentil nach korrekt beantworteten Fragen

Anzahl Personen mit jedem Resultat

Ihre Resultats-Entwicklung

Sie haben dieses Quiz noch nicht gespielt